Trivia #14 - Stage Names - Statistics

General Stats
  • This quiz has been taken 19 times
  • The average score is 6 of 10
Answer Stats
Hint Answer % Correct
Marshall Mathers Eminem
100%
Stefani Germanotta Lady Gaga
83%
Robert Allen Zimmerman Bob Dylan
72%
Reginald Dwight Elton John
72%
Curtis Jackson 50 Cent
61%
Calvin Cordozar Broadus Jr. Snoop Dogg
61%
Aubrey Graham Drake
56%
Robyn Fenty Rhianna
39%
Stevland Hardaway Judkins Stevie Wonder
28%
Kayleigh Rose Amstutz Chappell Roan
17%
No matching quizzes found
Score Distribution
Percent of People with Each Score
Percentile by Number Answered
Your Score History
You have not taken this quiz